Estadísticas para Prueba de Chile

Haz click aquí para tomar la prueba!

Estadísticas generales

  • Esta prueba ha sido tomada 4.046 veces
  • La puntuación promedio es 16 de 20

Estadísticas de respuestas

PistaRespuesta% Correcto
Países limítrofesArgentina
99%
Países limítrofesBolivia
99%
Idioma oficialEspañol
99%
Países limítrofesPerú
99%
CapitalSantiago
99%
MonedaPeso
97%
En 1960, Chile tuvo el ______ más fuerte que se haya
registrado, con una magnitud de 9,5.
Terremoto
93%
La cordillera que se extiende a través de ChileAndes
92%
Estado de los EE.UU. con una bandera similar
Texas
87%
La isla del Pacífico, también conocida como Rapa Nui, descubierta
por primera vez por los europeos el domingo 5 de abril de 1722
Isla de {Pascua}
86%
El archipiélago más meridionalTierra del {Fuego}
86%
Dictador de Chile, 1973-1990Augusto Pinochet
84%
El desierto más seco del mundoAtacama
81%
El metal que constituye el 60% de las exportaciones de ChileCobre
75%
El poeta que ganó el Premio Nobel en 1971Pablo Neruda
72%
El estrecho que separa la respuesta anterior del continenteEstrecho de {Magallanes}
70%
La guerra en la que Bolivia perdió su costa con ChileGuerra del {Pacífico}
68%
El punto más meridionalCabo de {Hornos}
60%
Ojos del Salado, con 6893 metros, es el _____ más alto del mundoVolcán
59%
Al igual que Noruega, Chile tiene muchas de estas profundas ensenadas oceánicas{Fiordo}s
41%

Distribución de puntuación

Porcentaje por número respondido

Porcentaje de gente con cada puntuación

Historial de tus puntuaciones

No has tomado esta prueba